000 00354 a2200169 4500
001 13357
020 _a9788581840451
040 _cAnchieta - Aquarius
100 _aPort, Moni
240 1 0 _aO gritalhão
_lpor
245 1 0 _aO gritalhão
300 _a24
362 0 _a2013
440 1 _aGaudí
650 4 _aLiteratura infanto-juvenil
942 _cBK
999 _c13357
_d13357